[Event "37. Copenhagen Open (Politiken Cup)"]
[Site "Elsinore"]
[Date "2015.08.01"]
[Round "9"]
[White "Bering, Anders"]
[Black "Andersen, Dag"]
[Result "1-0"]
[WhiteElo "1996"]
[BlackElo "1840"]
[PlyCount "133"]
[EventDate "2015.07.25"]
[EventType "swiss"]
[EventRounds "10"]
[EventCountry "DEN"]
[Source "ChessBase"]
[SourceDate "2015.09.14"]

1. e4 e6 2. d4 d5 3. Nd2 dxe4 4. Nxe4 Nd7 5. Nf3 Ngf6 6. Bd3 Nxe4 7. Bxe4 Nf6
8. Bd3 h6 9. O-O c5 10. b3 cxd4 11. Nxd4 Be7 12. Bb2 O-O 13. c4 a6 14. Rc1 Qc7
15. Qe2 b6 16. Nf3 Bb7 17. h3 Rad8 18. Ne5 Qc5 19. Bb1 a5 20. Rfd1 Rxd1+ 21.
Rxd1 Rd8 22. Rxd8+ Bxd8 23. Qd3 Be7 24. Bd4 Qc7 25. Ng4 Kf8 26. Nxf6 Bxf6 27.
Bxf6 gxf6 28. Qe3 Qd6 29. Qxh6+ Ke7 30. Qc1 Qc6 31. Qf1 f5 32. f3 Qc5+ 33. Qf2
Qd6 34. Bc2 Ba6 35. Qe3 f4 36. Qf2 a4 37. Qe2 Qd4+ 38. Qf2 Qd6 39. Kh2 axb3 40.
axb3 f6 41. Qe1 b5 42. cxb5 Bxb5 43. Qa5 Bd7 44. b4 Qd2 45. Qc5+ Kf7 46. Bb3
Qe1 47. Bc4 Qg3+ 48. Kg1 Qe1+ 49. Bf1 e5 50. b5 Bf5 51. Qc4+ Kg6 52. Kh1 Qe3
53. Qe2 Qc5 54. Kh2 Kh5 55. Qc4 Qf2 56. Qe2 Qd4 57. g4+ fxg3+ 58. Kxg3 Kg6 59.
Qf2 Qb4 60. b6 Qf4+ 61. Kg2 Kf7 62. Qa2+ Kg7 63. Qa7+ Kg6 64. b7 Qd2+ 65. Kh1
Qe1 66. b8=Q Qxf1+ 67. Qg1+ 1-0

[Event "37. Copenhagen Open (Politiken Cup)"]
[Site "Elsinore"]
[Date "2015.08.01"]
[Round "9"]
[White "Bjerre, Jonas Buhl"]
[Black "Fossan, Petter"]
[Result "1/2-1/2"]
[WhiteElo "2083"]
[BlackElo "2308"]
[PlyCount "157"]
[EventDate "2015.07.25"]
[EventType "swiss"]
[EventRounds "10"]
[EventCountry "DEN"]
[Source "ChessBase"]
[SourceDate "2015.09.14"]

1. e4 c6 2. d4 d5 3. Nc3 dxe4 4. Nxe4 Bf5 5. Ng3 Bg6 6. N1e2 e6 7. Nf4 Bd6 8.
h4 Qc7 9. Nxg6 hxg6 10. Ne4 Nd7 11. Nxd6+ Qxd6 12. c3 Ne7 13. g3 Qd5 14. Rg1 e5
15. Bg2 Qc4 16. Bf1 Qd5 17. Bg2 Qc4 18. Bf1 Qe6 19. Qe2 O-O-O 20. Be3 Nf5 21.
Qc4 Qxc4 22. Bxc4 exd4 23. cxd4 Rhf8 24. O-O-O Nb6 25. Bd3 Nd5 26. Rde1 Rfe8
27. Bxf5+ gxf5 28. Bg5 Rxe1+ 29. Rxe1 Rh8 30. Bd2 Kd7 31. Kc2 g6 32. Kd3 Nf6
33. Bf4 Re8 34. Rxe8 Kxe8 35. f3 b5 36. Bb8 a6 37. Bc7 Nd5 38. Ba5 Ke7 39. Bd2
Ke6 40. a3 Nf6 41. Bf4 Nh5 42. Bc7 Kd5 43. Be5 f6 44. Bc7 Ng7 45. Bd8 Ke6 46.
Kc3 Ne8 47. Kd3 Kd7 48. Ba5 Nd6 49. Bb4 Nf7 50. Ba5 Ke6 51. Bb6 Nd6 52. b3 Ne8
53. Ba5 Kd7 54. Bb6 Ng7 55. Ba5 Nh5 56. Be1 Ke6 57. Bf2 g5 58. Be3 f4 59. g4
fxe3 60. gxh5 gxh4 61. Kxe3 Kf7 62. f4 Kg7 63. Kf3 f5 64. Kg2 Kh6 65. Kh3 Kxh5
66. b4 Kg6 67. Kxh4 Kh6 68. Kg3 Kh5 69. Kh3 Kg6 70. Kg3 Kf6 71. Kf3 Ke6 72. Ke3
Kd6 73. Kd2 Ke7 74. Ke2 Ke6 75. Ke3 Kf7 76. Kf2 Kf6 77. Kf3 Ke6 78. Ke3 Kd5 79.
Kd3 1/2-1/2

[Event "37. Copenhagen Open (Politiken Cup)"]
[Site "Elsinore"]
[Date "2015.08.01"]
[Round "9"]
[White "Bjorneboe, Kristian"]
[Black "Vehl, Tina"]
[Result "1-0"]
[WhiteElo "2015"]
[BlackElo "1851"]
[PlyCount "79"]
[EventDate "2015.07.25"]
[EventType "swiss"]
[EventRounds "10"]
[EventCountry "DEN"]
[Source "ChessBase"]
[SourceDate "2015.09.14"]

1. d4 d5 2. Nf3 Nf6 3. e3 e6 4. Bd3 c5 5. c3 Nc6 6. Nbd2 cxd4 7. exd4 Bd6 8.
O-O O-O 9. Re1 Qc7 10. Nf1 e5 11. dxe5 Nxe5 12. Nxe5 Bxe5 13. Bg5 h6 14. Bh4
Bd7 15. Bg3 Rfe8 16. Ne3 Bc6 17. Nf5 Bxg3 18. Rxe8+ Rxe8 19. hxg3 Qd8 20. Bc2
h5 21. Nd4 Bd7 22. Bb3 Qe7 23. Rc1 Qe5 24. Nf3 Qf5 25. Qd2 Bc8 26. Rd1 Rd8 27.
Qd4 a6 28. c4 Be6 29. Ne5 Nh7 30. cxd5 Bc8 31. d6 Be6 32. Qb6 Qf6 33. Bxe6 fxe6
34. Qc7 Ng5 35. Rd3 Rf8 36. f4 Qf5 37. d7 Qe4 38. d8=Q Nh3+ 39. Kh2 Qf5 40.
Qxf8+ 1-0

[Event "37. Copenhagen Open (Politiken Cup)"]
[Site "Elsinore"]
[Date "2015.08.01"]
[Round "9"]
[White "Bjornes, Leif"]
[Black "Lund, Per"]
[Result "0-1"]
[WhiteElo "1867"]
[BlackElo "2029"]
[PlyCount "74"]
[EventDate "2015.07.25"]
[EventType "swiss"]
[EventRounds "10"]
[EventCountry "DEN"]
[Source "ChessBase"]
[SourceDate "2015.09.14"]

1. d4 d5 2. c4 e6 3. Nc3 Nf6 4. Bg5 Nbd7 5. e3 c6 6. Nf3 Qa5 7. Nd2 dxc4 8.
Bxf6 Nxf6 9. Nxc4 Qc7 10. Be2 Be7 11. O-O Bd7 12. Rc1 O-O 13. Bf3 Rac8 14. e4
Rfd8 15. Qe2 b5 16. Ne5 Qb6 17. Rfd1 Be8 18. Qe3 c5 19. d5 b4 20. Ne2 Qb8 21.
Nc4 exd5 22. exd5 Bd6 23. g3 Bb5 24. Nxd6 Qxd6 25. Nf4 Re8 26. Qd2 a5 27. Re1
h6 28. h4 c4 29. Qd4 Rxe1+ 30. Rxe1 c3 31. Rc1 Rc4 32. Qd1 cxb2 33. Rxc4 Bxc4
34. Qc2 Qe5 35. Kg2 Qc3 36. Qf5 Bxa2 37. Bh5 Nxh5 0-1

[Event "37. Copenhagen Open (Politiken Cup)"]
[Site "Elsinore"]
[Date "2015.08.01"]
[Round "9"]
[White "Boukhris, Yacine"]
[Black "Thomsen, Kim"]
[Result "1-0"]
[WhiteElo "2163"]
[BlackElo "1997"]
[PlyCount "45"]
[EventDate "2015.07.25"]
[EventType "swiss"]
[EventRounds "10"]
[EventCountry "DEN"]
[Source "ChessBase"]
[SourceDate "2015.09.14"]

1. e4 c5 2. Nf3 Nc6 3. Bb5 g6 4. O-O Bg7 5. Nc3 Nd4 6. Ba4 a6 7. Nxd4 cxd4 8.
Ne2 b5 9. Bb3 Bb7 10. d3 d5 11. Ng3 e6 12. f4 Nh6 13. f5 exf5 14. exf5 Qh4 15.
Rf4 Qf6 16. Qe2+ Kd7 17. fxg6 Qxg6 18. Qf3 Qe6 19. Bd2 Rae8 20. Ne4 Kc6 21. Nf6
Rd8 22. Re1 Qd6 23. Bxd5+ 1-0

[Event "37. Copenhagen Open (Politiken Cup)"]
[Site "Elsinore"]
[Date "2015.08.01"]
[Round "9"]
[White "Bredeli, Havard Iversen"]
[Black "Hansen, Ib Lynaes"]
[Result "1-0"]
[WhiteElo "1346"]
[BlackElo "1819"]
[PlyCount "39"]
[EventDate "2015.07.25"]
[EventType "swiss"]
[EventRounds "10"]
[EventCountry "DEN"]
[Source "ChessBase"]
[SourceDate "2015.09.14"]

1. d4 e6 2. c4 b6 3. Nc3 Bb7 4. e3 Bb4 5. Bd2 Ne7 6. Nf3 Bxc3 7. Bxc3 d5 8. b3
O-O 9. Bd3 Nd7 10. O-O f5 11. Ng5 Rf6 12. Qh5 Nf8 13. Bb4 Rh6 14. Qf7+ Kh8 15.
Bxe7 Qc8 16. Bxf8 Rg6 17. Be7 Qe8 18. Be2 dxc4 19. Bh5 Qc6 20. Bf3 1-0

[Event "37. Copenhagen Open (Politiken Cup)"]
[Site "Elsinore"]
[Date "2015.08.01"]
[Round "9"]
[White "Brendel, Bergit"]
[Black "Tandrup, Michael"]
[Result "0-1"]
[WhiteElo "2086"]
[BlackElo "1960"]
[PlyCount "82"]
[EventDate "2015.07.25"]
[EventType "swiss"]
[EventRounds "10"]
[EventCountry "DEN"]
[Source "ChessBase"]
[SourceDate "2015.09.14"]

1. e4 c5 2. Nf3 Nc6 3. d4 cxd4 4. Nxd4 Nf6 5. Nc3 e5 6. Ndb5 d6 7. Bg5 a6 8.
Na3 b5 9. Bxf6 gxf6 10. Nd5 Bg7 11. Bd3 Ne7 12. Nxe7 Qxe7 13. c4 bxc4 14. Nxc4
O-O 15. O-O Be6 16. Ne3 Kh8 17. Qh5 Rg8 18. Rae1 Bf8 19. Kh1 Rg7 20. b3 Qb7 21.
f4 Be7 22. f5 Bd7 23. Rf3 Rag8 24. Rh3 Bc6 25. Ng4 d5 26. Nxe5 Bb4 27. Nxc6
Bxe1 28. exd5 Qd7 29. Qf3 Rxg2 30. Rxh7+ Kxh7 31. Qh3+ Kg7 32. Qxg2+ Kf8 33.
Qe4 Bc3 34. Qc4 Ba1 35. Qb4+ Kg7 36. Ne7 Rh8 37. Qg4+ Kf8 38. Qg1 Kxe7 39. Qxa1
Qxd5+ 40. Kg1 Rg8+ 41. Kf2 Qxd3 0-1

[Event "37. Copenhagen Open (Politiken Cup)"]
[Site "Elsinore"]
[Date "2015.08.01"]
[Round "9"]
[White "Brobakken, Geir"]
[Black "Brondum, Eric"]
[Result "1/2-1/2"]
[WhiteElo "1936"]
[BlackElo "2114"]
[PlyCount "62"]
[EventDate "2015.07.25"]
[EventType "swiss"]
[EventRounds "10"]
[EventCountry "DEN"]
[Source "ChessBase"]
[SourceDate "2015.09.14"]

1. e4 c5 2. b3 Nc6 3. Bb2 d6 4. f4 e6 5. Nf3 Nf6 6. d3 Be7 7. Nbd2 O-O 8. g3
Rb8 9. a3 b5 10. Bg2 Qb6 11. Rb1 d5 12. Ne5 d4 13. Nxc6 Qxc6 14. O-O Bb7 15.
Qe2 Qc7 16. Nf3 Rbd8 17. Ne5 Nd7 18. Nxd7 Rxd7 19. Bc1 c4 20. f5 exf5 21. Rxf5
cxd3 22. cxd3 Rc8 23. Qf1 Qc2 24. Bf4 Bxa3 25. Be5 Qxb1 26. Qxb1 Rc1+ 27. Qxc1
Bxc1 28. Bf4 Bxf4 29. gxf4 a6 30. Rc5 Rd8 31. Rc7 Bc8 1/2-1/2

[Event "37. Copenhagen Open (Politiken Cup)"]
[Site "Elsinore"]
[Date "2015.08.01"]
[Round "9"]
[White "Brunello, Sabino"]
[Black "Roe, Simon J"]
[Result "1-0"]
[WhiteElo "2539"]
[BlackElo "2240"]
[PlyCount "33"]
[EventDate "2015.07.25"]
[EventType "swiss"]
[EventRounds "10"]
[EventCountry "DEN"]
[Source "ChessBase"]
[SourceDate "2015.09.14"]

1. d4 d5 2. c4 e6 3. Nf3 c5 4. e3 Nf6 5. a3 cxd4 6. exd4 Be7 7. Nc3 O-O 8. Bd3
dxc4 9. Bxc4 Nbd7 10. O-O Nb6 11. Bd3 Nbd5 12. Ne5 Bd7 13. Qf3 Rc8 14. Qh3 Bc6
15. Re1 Qb6 16. Nxd5 exd5 17. Nxc6 1-0

[Event "37. Copenhagen Open (Politiken Cup)"]
[Site "Elsinore"]
[Date "2015.08.01"]
[Round "9"]
[White "Carlstedt, Jonathan"]
[Black "Haug, Johannes"]
[Result "1/2-1/2"]
[WhiteElo "2460"]
[BlackElo "2236"]
[PlyCount "101"]
[EventDate "2015.07.25"]
[EventType "swiss"]
[EventRounds "10"]
[EventCountry "DEN"]
[Source "ChessBase"]
[SourceDate "2015.09.14"]

1. d4 Nf6 2. c4 e6 3. Nf3 b6 4. g3 Bb7 5. Bg2 c5 6. O-O cxd4 7. b3 d5 8. Nxd4
Be7 9. Nc3 O-O 10. Bb2 Qd7 11. cxd5 exd5 12. Qd3 Rd8 13. Nf5 Bf8 14. Rad1 Na6
15. Bh3 Qe8 16. Qb5 Nc5 17. Qxe8 Rxe8 18. Rfe1 Nce4 19. Nxe4 Nxe4 20. a3 Bc8
21. g4 Bxf5 22. gxf5 Rac8 23. Rc1 Rxc1 24. Rxc1 Bc5 25. Bg2 Bxf2+ 26. Kf1 Bc5
27. Rd1 Nf2 28. Rxd5 Ng4 29. Bc1 Be3 30. Bd2 Bxd2 31. Rxd2 Ne3+ 32. Kf2 Nxg2
33. Kxg2 g6 34. f6 h5 35. e4 Rxe4 36. Rd8+ Kh7 37. Rf8 g5 38. Rxf7+ Kg6 39.
Rxa7 Re2+ 40. Kg1 Rb2 41. f7 Kg7 42. h4 Rxb3 43. hxg5 Rg3+ 44. Kh2 Rxg5 45. Rb7
Ra5 46. Rxb6 Kxf7 47. Kh3 Rxa3+ 48. Kh4 Ra5 49. Rh6 Kg7 50. Rxh5 Rxh5+ 51. Kxh5
1/2-1/2

[Event "37. Copenhagen Open (Politiken Cup)"]
[Site "Elsinore"]
[Date "2015.08.01"]
[Round "9"]
[White "Christensen, Lasse"]
[Black "Fabrin, Morten"]
[Result "1/2-1/2"]
[WhiteElo "2168"]
[BlackElo "2009"]
[PlyCount "21"]
[EventDate "2015.07.25"]
[EventType "swiss"]
[EventRounds "10"]
[EventCountry "DEN"]
[Source "ChessBase"]
[SourceDate "2015.09.14"]

1. Nf3 c5 2. g3 g6 3. Bg2 Bg7 4. c4 Nc6 5. Nc3 d6 6. O-O e6 7. e3 Nge7 8. d4
cxd4 9. Nxd4 Bxd4 10. exd4 O-O 11. b3 1/2-1/2

[Event "37. Copenhagen Open (Politiken Cup)"]
[Site "Elsinore"]
[Date "2015.08.01"]
[Round "9"]
[White "Christiansen, Johan Sebastian"]
[Black "Ivarsson, Torbjorn"]
[Result "1-0"]
[WhiteElo "2409"]
[BlackElo "2100"]
[PlyCount "79"]
[EventDate "2015.07.25"]
[EventType "swiss"]
[EventRounds "10"]
[EventCountry "DEN"]
[Source "ChessBase"]
[SourceDate "2015.09.14"]

1. c4 b6 2. Nc3 Bb7 3. d4 e6 4. e4 d6 5. Bd3 Nd7 6. Nge2 Ngf6 7. O-O Be7 8. Ng3
c5 9. d5 h5 10. f3 h4 11. Nh1 e5 12. Nf2 Nh5 13. Ng4 Ndf6 14. a3 a6 15. b4 Bc8
16. Rb1 Bd7 17. Bc2 Rc8 18. bxc5 bxc5 19. Na4 Rb8 20. Rxb8 Qxb8 21. Bd2 Nf4 22.
Nf2 N6h5 23. Be3 Bd8 24. Qd2 Ba5 25. Qd1 Ng3 26. Bxf4 exf4 27. hxg3 hxg3 28.
Qc1 g5 29. Qa1 Ke7 30. Qg7 Rg8 31. Qh6 gxf2+ 32. Rxf2 Bxa4 33. Bxa4 Bc3 34. e5
Qb1+ 35. Rf1 Bd4+ 36. Kh2 Qg6 37. exd6+ Kxd6 38. Qxg6+ Rxg6 39. g4 fxg3+ 40.
Kxg3 1-0

[Event "37. Copenhagen Open (Politiken Cup)"]
[Site "Elsinore"]
[Date "2015.08.01"]
[Round "9"]
[White "Christiansen, Niels Jorgen"]
[Black "Ozcan, Guney"]
[Result "0-1"]
[WhiteElo "1625"]
[BlackElo "1903"]
[PlyCount "74"]
[EventDate "2015.07.25"]
[EventType "swiss"]
[EventRounds "10"]
[EventCountry "DEN"]
[Source "ChessBase"]
[SourceDate "2015.09.14"]

1. d4 e5 2. dxe5 Nc6 3. Nf3 Qe7 4. Nc3 Nxe5 5. Nxe5 Qxe5 6. Qd5 Bd6 7. Qf3 Nf6
8. g3 O-O 9. Bg2 Bb4 10. Bf4 Bxc3+ 11. bxc3 Qa5 12. O-O c6 13. Bd6 Re8 14. Qd3
b6 15. Rfe1 Ba6 16. c4 b5 17. c5 b4 18. Qd2 Ne4 19. Bxe4 Rxe4 20. f3 Rc4 21. a3
Bb5 22. e4 Rc3 23. axb4 Qxb4 24. Re3 Rc4 25. Qxb4 Rxb4 26. c3 Rb2 27. e5 Rc2
28. f4 a5 29. c4 Rxc4 30. f5 a4 31. h3 Rc2 32. g4 Re2 33. Rxe2 Bxe2 34. Kf2 Bc4
35. Ke3 a3 36. Kd4 Bd5 37. Kc3 a2 0-1

[Event "37. Copenhagen Open (Politiken Cup)"]
[Site "Elsinore"]
[Date "2015.08.01"]
[Round "9"]
[White "Christophersen, David"]
[Black "Birkestrand, Odd Helge"]
[Result "0-1"]
[WhiteElo "1854"]
[BlackElo "1698"]
[PlyCount "84"]
[EventDate "2015.07.25"]
[EventType "swiss"]
[EventRounds "10"]
[EventCountry "DEN"]
[Source "ChessBase"]
[SourceDate "2015.09.14"]

1. d4 f5 2. Nf3 Nf6 3. Bf4 e6 4. e3 Be7 5. Bd3 O-O 6. h3 b6 7. g4 Ne4 8. gxf5
exf5 9. Nbd2 Bb7 10. Rg1 Bh4 11. Bxe4 fxe4 12. Bg5 Bxg5 13. Nxg5 Qe7 14. Qg4
Rf6 15. Qh4 Rh6 16. Qf4 d5 17. O-O-O Na6 18. Ngxe4 Kh8 19. Ng5 Rf8 20. Qg3 Rff6
21. Ndf3 Bc8 22. Ne5 Bf5 23. h4 Nb4 24. c3 Nc6 25. f4 b5 26. Rd2 a5 27. Ng4 b4
28. Nxh6 bxc3 29. Ngf7+ Rxf7 30. Nxf7+ Qxf7 31. bxc3 Qe7 32. Rb2 g6 33. Qg5
Qxe3+ 34. Kd1 Qd3+ 35. Rd2 Qf3+ 36. Re2 Bc2+ 37. Kxc2 Qxe2+ 38. Kb1 Qd3+ 39.
Kb2 Qd2+ 40. Kb3 a4+ 41. Kxa4 Qxa2+ 42. Kb5 Qc4# 0-1

[Event "37. Copenhagen Open (Politiken Cup)"]
[Site "Elsinore"]
[Date "2015.08.01"]
[Round "9"]
[White "Dalsberg, Sandra de Blecourt"]
[Black "Nielsen, Andre"]
[Result "1/2-1/2"]
[WhiteElo "2157"]
[BlackElo "1963"]
[PlyCount "86"]
[EventDate "2015.07.25"]
[EventType "swiss"]
[EventRounds "10"]
[EventCountry "DEN"]
[Source "ChessBase"]
[SourceDate "2015.09.14"]

1. d4 Nf6 2. c4 e6 3. Nc3 Bb4 4. e3 O-O 5. Nge2 b6 6. a3 Be7 7. d5 e5 8. g3 d6
9. Bg2 a5 10. O-O Ba6 11. b3 Nbd7 12. Bb2 Ne8 13. f4 Rb8 14. Nb5 Bxb5 15. cxb5
f5 16. Qc2 g6 17. e4 fxe4 18. Bxe4 Nef6 19. Bg2 Ng4 20. Qd3 Nc5 21. Qf3 Qd7 22.
h3 Nh6 23. b4 axb4 24. axb4 Qxb5 25. bxc5 Qxb2 26. Rfb1 Qc2 27. Rc1 Qf5 28.
cxb6 cxb6 29. Ra7 Qf6 30. Rcc7 Rf7 31. Qa3 Bd8 32. Rxf7 Nxf7 33. fxe5 Qxe5 34.
Nf4 b5 35. Kh2 b4 36. Qa4 Bb6 37. Ra8 Rxa8 38. Qxa8+ Kg7 39. Ne6+ Kf6 40. Qf8
b3 41. Qg7+ Ke7 42. Qf8+ Kf6 43. Qg7+ Ke7 1/2-1/2

[Event "37. Copenhagen Open (Politiken Cup)"]
[Site "Elsinore"]
[Date "2015.08.01"]
[Round "9"]
[White "Degerfeldt, Sven"]
[Black "Nielsen, Viktor"]
[Result "1-0"]
[WhiteElo "1859"]
[BlackElo "2069"]
[PlyCount "129"]
[EventDate "2015.07.25"]
[EventType "swiss"]
[EventRounds "10"]
[EventCountry "DEN"]
[Source "ChessBase"]
[SourceDate "2015.09.14"]

1. d4 Nf6 2. c4 e6 3. Nc3 Bb4 4. e3 O-O 5. Nge2 d5 6. a3 Be7 7. Ng3 b6 8. cxd5
exd5 9. Bd3 Re8 10. O-O Bb7 11. Bd2 Nbd7 12. f3 c5 13. Rc1 Bf8 14. Kh1 g6 15.
Re1 Bg7 16. Na4 Rc8 17. b4 c4 18. Bb1 Nf8 19. Nc3 Ne6 20. Nce2 Qd6 21. Bc3 Rcd8
22. Ng1 Ng5 23. Qd2 Bh6 24. Qf2 Ra8 25. Rcd1 a5 26. Rf1 Re7 27. Rde1 Bg7 28.
Bc2 Bc6 29. Rd1 Qd7 30. Rfe1 Ba4 31. h4 Ne6 32. Nh3 Bxc2 33. Qxc2 Ne8 34. Qf2
N8c7 35. e4 Nb5 36. Ba1 axb4 37. axb4 Rxa1 38. Rxa1 Bxd4 39. Ra8+ Kg7 40. Qe2
Nec7 41. Rea1 Bxa1 42. Rxa1 Qd6 43. f4 dxe4 44. Qg4 Kh8 45. h5 Qf6 46. Rf1 Nd6
47. h6 Nf5 48. Nxf5 Qxf5 49. Qh4 Re8 50. g4 Qe6 51. f5 Qe7 52. g5 Qe5 53. fxg6
fxg6 54. Qf2 Ne6 55. Qf7 Rg8 56. Qe7 e3 57. Rf7 Qa1+ 58. Ng1 Qa8+ 59. Kh2 Qb8+
60. Kg2 Qa8+ 61. Kg3 Qb8+ 62. Kg4 Rf8 63. Rxh7+ Kg8 64. Qxe6+ Kxh7 65. Qe7+ 1-0

[Event "37. Copenhagen Open (Politiken Cup)"]
[Site "Elsinore"]
[Date "2015.08.01"]
[Round "9"]
[White "Delorme, Axel"]
[Black "Olofsson Dolk, Mattis"]
[Result "1-0"]
[WhiteElo "2484"]
[BlackElo "2253"]
[PlyCount "109"]
[EventDate "2015.07.25"]
[EventType "swiss"]
[EventRounds "10"]
[EventCountry "DEN"]
[Source "ChessBase"]
[SourceDate "2015.09.14"]

1. d4 Nf6 2. c4 g6 3. g3 Bg7 4. Bg2 d5 5. cxd5 Nxd5 6. Nf3 Nb6 7. O-O Nc6 8. e3
O-O 9. Nc3 Re8 10. h3 e5 11. d5 Na5 12. Qc2 Nac4 13. Rd1 Nd6 14. e4 Bd7 15. a4
a5 16. b3 Qc8 17. Kh2 f5 18. Be3 Rf8 19. Rac1 Qe8 20. Qd2 Nbc8 21. Re1 Ne7 22.
Bh6 Bxh6 23. Qxh6 Nf7 24. Qd2 Nc8 25. exf5 gxf5 26. Nxe5 Nxe5 27. f4 Ng4+ 28.
hxg4 Qg6 29. Nb5 Bxb5 30. Re6 Qg7 31. axb5 fxg4 32. Qc2 Ne7 33. Qxc7 Rac8 34.
d6 Rxc7 35. Rxc7 Rf5 36. dxe7 Rh5+ 37. Kg1 Qd4+ 38. Kf1 Qd1+ 39. Re1 Qd3+ 40.
Kf2 Qd2+ 41. Re2 Qd4+ 42. Ke1 Qa1+ 43. Kd2 Qb2+ 44. Ke3 Re5+ 45. fxe5 Qxe5+ 46.
Kd2 Qb2+ 47. Ke1 Qa1+ 48. Kf2 Qd4+ 49. Ke1 Qa1+ 50. Kd2 Qb2+ 51. Rc2 Qd4+ 52.
Ke1 Qg1+ 53. Bf1 Qxg3+ 54. Kd1 Qd6+ 55. Rcd2 1-0

[Event "37. Copenhagen Open (Politiken Cup)"]
[Site "Elsinore"]
[Date "2015.08.01"]
[Round "9"]
[White "Djurhuus, Eivind X"]
[Black "Robertsen, Bjorn"]
[Result "1-0"]
[WhiteElo "2149"]
[BlackElo "1676"]
[PlyCount "39"]
[EventDate "2015.07.25"]
[EventType "swiss"]
[EventRounds "10"]
[EventCountry "DEN"]
[Source "ChessBase"]
[SourceDate "2015.09.14"]

1. c4 c6 2. d4 d5 3. Nf3 Nf6 4. Nc3 dxc4 5. a4 Bf5 6. Ne5 Nbd7 7. Nxc4 e6 8. a5
a6 9. g3 Bb4 10. Bg2 O-O 11. O-O Be7 12. e4 Bg6 13. Bf4 Ne8 14. Re1 Nc7 15. d5
cxd5 16. exd5 exd5 17. Bxc7 Qxc7 18. Nxd5 Qxc4 19. Nxe7+ Kh8 20. Nxg6+ 1-0

[Event "37. Copenhagen Open (Politiken Cup)"]
[Site "Elsinore"]
[Date "2015.08.01"]
[Round "9"]
[White "Edwardsson, Hannu Kalervo"]
[Black "Petersen, Jan"]
[Result "0-1"]
[WhiteElo "1452"]
[BlackElo "1699"]
[PlyCount "58"]
[EventDate "2015.07.25"]
[EventType "swiss"]
[EventRounds "10"]
[EventCountry "DEN"]
[Source "ChessBase"]
[SourceDate "2015.09.14"]

1. e4 e6 2. Nf3 d5 3. exd5 exd5 4. d4 Nf6 5. c4 Be7 6. cxd5 Nxd5 7. Nc3 O-O 8.
Be2 Nc6 9. O-O Bg4 10. Nxd5 Qxd5 11. Be3 Rad8 12. Qb3 Qxb3 13. axb3 Bf6 14. h3
Bh5 15. g4 Bg6 16. Bb5 Be4 17. Bxc6 Bxc6 18. Ne5 Bxe5 19. dxe5 a6 20. b4 Rfe8
21. Bf4 Rd4 22. Bg3 Rxb4 23. e6 Rxe6 24. Bxc7 Rxb2 25. Rad1 f6 26. Rd8+ Re8 27.
Rfd1 Kf7 28. R1d7+ Bxd7 29. Rxd7+ Re7 0-1

[Event "37. Copenhagen Open (Politiken Cup)"]
[Site "Elsinore"]
[Date "2015.08.01"]
[Round "9"]
[White "Engel, Luis"]
[Black "Semcesen, Daniel"]
[Result "0-1"]
[WhiteElo "2200"]
[BlackElo "2437"]
[PlyCount "126"]
[EventDate "2015.07.25"]
[EventType "swiss"]
[EventRounds "10"]
[EventCountry "DEN"]
[Source "ChessBase"]
[SourceDate "2015.09.14"]

1. e4 d6 2. d4 Nf6 3. Nc3 e5 4. Nf3 Nbd7 5. Bc4 Be7 6. O-O O-O 7. Re1 c6 8. a4
a5 9. h3 Nb6 10. Bb3 Nfd7 11. Be3 exd4 12. Bxd4 Nc5 13. Bxc5 dxc5 14. Qe2 Qd6
15. Qe3 Qg6 16. Ne2 Ra6 17. c4 Ra8 18. Rad1 Re8 19. Ne5 Qe6 20. Nd3 Nd7 21. Ng3
Bf8 22. f4 f6 23. Ba2 b5 24. axb5 cxb5 25. e5 f5 26. Qf3 Nb6 27. Qf2 bxc4 28.
Kh1 Qc6 29. Nc1 Be6 30. Qc2 g6 31. Nge2 Rad8 32. Nc3 Rd4 33. N1e2 Red8 34. Nxd4
cxd4 35. Nb1 Bb4 36. Rf1 Kg7 37. Qf2 Bc5 38. Qh4 Rd7 39. Nd2 Be7 40. Qg3 Qb5
41. Rc1 a4 42. Rfd1 d3 43. Kh2 Qb4 44. Rb1 Rc7 45. Nf3 Bd5 46. Nd4 Kh8 47. Qf2
Qc5 48. Rbc1 Be4 49. Qg1 Rd7 50. Nf3 Bxf3 51. gxf3 Qxg1+ 52. Kxg1 Rd4 53. Kg2
Rxf4 54. Bxc4 Nxc4 55. Rxd3 Kg7 56. Kg3 g5 57. b3 axb3 58. Rxb3 Nxe5 59. Rc7
Kf7 60. h4 Rxh4 61. Rb5 Ng6 62. Rxf5+ Ke6 63. Rxe7+ Kxf5 0-1

[Event "37. Copenhagen Open (Politiken Cup)"]
[Site "Elsinore"]
[Date "2015.08.01"]
[Round "9"]
[White "Formanek, Edward W"]
[Black "Rosell, Sven"]
[Result "1-0"]
[WhiteElo "2121"]
[BlackElo "1995"]
[PlyCount "99"]
[EventDate "2015.07.25"]
[EventType "swiss"]
[EventRounds "10"]
[EventCountry "DEN"]
[Source "ChessBase"]
[SourceDate "2015.09.14"]

1. e4 c5 2. Nf3 d6 3. d4 cxd4 4. Nxd4 Nf6 5. Nc3 g6 6. Be3 Bg7 7. f3 O-O 8. Qd2
Nc6 9. O-O-O d5 10. Nxc6 bxc6 11. exd5 Nxd5 12. Nxd5 cxd5 13. Qxd5 Qc7 14. Qc5
Qb7 15. Qa3 Rb8 16. Bd4 e5 17. Bc3 Be6 18. Ba6 Qb6 19. Rhe1 Rfe8 20. Bxe5 Bf8
21. Qa4 Bh6+ 22. Kb1 Rbd8 23. Bd4 Qc7 24. g3 Bd7 25. Rxe8+ Rxe8 26. Bb5 Bxb5
27. Qxb5 Rd8 28. c3 Bg7 29. Qe2 Bh6 30. Kc2 Qc6 31. Re1 Qd5 32. Qe5 Qxe5 33.
Rxe5 Bg7 34. Re7 Bxd4 35. cxd4 Rxd4 36. Rxa7 Rc4+ 37. Kd3 Rc5 38. b4 Rc1 39. b5
Rb1 40. a4 Kf8 41. Kc2 Rb4 42. Kc3 Rb1 43. Kc4 Rc1+ 44. Kd5 Rd1+ 45. Kc6 Rc1+
46. Kb6 h5 47. a5 Rc3 48. a6 Rxf3 49. Rc7 Ra3 50. a7 1-0

[Event "37. Copenhagen Open (Politiken Cup)"]
[Site "Elsinore"]
[Date "2015.08.01"]
[Round "9"]
[White "Fossan, Aleksander"]
[Black "Molvig, Julius"]
[Result "1-0"]
[WhiteElo "1798"]
[BlackElo "1926"]
[PlyCount "83"]
[EventDate "2015.07.25"]
[EventType "swiss"]
[EventRounds "10"]
[EventCountry "DEN"]
[Source "ChessBase"]
[SourceDate "2015.09.14"]

1. e4 c5 2. c3 Nf6 3. e5 Nd5 4. d4 cxd4 5. Nf3 Nc6 6. Bc4 Nb6 7. Bb3 d5 8. exd6
Qxd6 9. O-O Bf5 10. Nxd4 Nxd4 11. cxd4 e6 12. Nc3 a6 13. Qf3 Qd7 14. d5 Bb4 15.
dxe6 fxe6 16. Rd1 Qc8 17. Be3 Nd7 18. Ba4 b5 19. Nxb5 O-O 20. Nd6 Bxd6 21. Rxd6
Ne5 22. Qg3 Ng6 23. Rc1 Qb8 24. Bc6 e5 25. Bd5+ Kh8 26. Rb6 Qd8 27. Bxa8 Nf4
28. Bf3 h5 29. Rb7 g5 30. h4 Rg8 31. hxg5 Rxg5 32. Rb8 Nh3+ 33. Kh2 Qxb8 34.
Bxg5 Nxg5 35. Qxg5 e4+ 36. Qg3 Qxb2 37. Rd1 Qf6 38. Bxh5 Be6 39. Bg4 Bg8 40.
Rd6 Qe7 41. Rh6+ Bh7 42. Bf5 1-0

[Event "37. Copenhagen Open (Politiken Cup)"]
[Site "Elsinore"]
[Date "2015.08.01"]
[Round "9"]
[White "Fossan, Andreas"]
[Black "Skovgaard, Tom"]
[Result "1/2-1/2"]
[WhiteElo "1840"]
[BlackElo "2022"]
[PlyCount "45"]
[EventDate "2015.07.25"]
[EventType "swiss"]
[EventRounds "10"]
[EventCountry "DEN"]
[Source "ChessBase"]
[SourceDate "2015.09.14"]

1. d4 Nf6 2. c4 e6 3. Nc3 Bb4 4. f3 d5 5. a3 Be7 6. e4 dxe4 7. fxe4 e5 8. d5
O-O 9. Bg5 Bc5 10. Nf3 Bg4 11. Be2 Bxf3 12. Bxf3 a5 13. Rb1 Qe7 14. Qe2 c6 15.
Nd1 Nbd7 16. Ne3 Bxe3 17. Bxe3 a4 18. O-O Ne8 19. Rfd1 cxd5 20. exd5 Nd6 21.
Rbc1 Rfc8 22. Bd2 Nc5 23. Bb4 1/2-1/2